Agua, tierra y algo más: Distrito de riego Arenal-Tempisque /
保存先:
| 共著者: | , |
|---|---|
| フォーマット: | テキスト |
| 出版事項: |
San José:
UCR. VVI. IIS
|
| タグ: |
タグ追加
タグなし, このレコードへの初めてのタグを付けませんか!
|
MARC
| LEADER | 00000 a a2200000 04500 | ||
|---|---|---|---|
| 001 | 30270 | ||
| 003 | |||
| 040 | |||
| 090 | |b RECURSO ELECTROMAGNETICO | ||
| 110 | |a Universidad de Costa Rica. Vicerrectoria de Investigación. Instituto de Investigaciones Sociales | ||
| 245 | |a Agua, tierra y algo más: Distrito de riego Arenal-Tempisque / |c Universidad de Costa Rica. Vicerrectoria de Investigación. Instituto de Investigaciones Sociales | ||
| 260 | |a San José: |b UCR. VVI. IIS | ||
| 500 | |a Relata las experiencias y el desarrollo agrícola productivo de Guanacaste con la creación del Proyecto Hidroelectrico Arenal-Tempisque | ||
| 710 | |a UCR. VVI. IIS | ||
| 999 | |c 12327 |d 12327 | ||
